हिंदी साहित्य : (Record no. 112028)

MARC details
000 -LEADER
fixed length control field 01086nam a22002777a 4500
003 - CONTROL NUMBER IDENTIFIER
control field dpl
005 - DATE AND TIME OF LATEST TRANSACTION
control field 20190403120242.0
008 - FIXED-LENGTH DATA ELEMENTS--GENERAL INFORMATION
fixed length control field 190403b ||||| |||| 00| 0 eng d
010 #B - LIBRARY OF CONGRESS CONTROL NUMBER
LC control number B-149434
020 ## - INTERNATIONAL STANDARD BOOK NUMBER
Terms of availability 300.00
035 ## - SYSTEM CONTROL NUMBER
System control number B-149434, B-149438
037 ## - SOURCE OF ACQUISITION
Source of stock number/acquisition Cen Lib/Ret
040 ## - CATALOGING SOURCE
Original cataloging agency DPL
Language of cataloging HN
Transcribing agency 0
082 ## - DEWEY DECIMAL CLASSIFICATION NUMBER
Classification number 820.8
Item number आरसु
100 ## - MAIN ENTRY--PERSONAL NAME
Personal name आरसु
9 (RLIN) 41420
245 ## - TITLE STATEMENT
Title हिंदी साहित्य :
Statement of responsibility, etc आरसु
Remainder of title सरोकार और साक्षात्कार /
246 ## - VARYING FORM OF TITLE
Title proper/short title Hindi sahitya : sarokar or sakshatkar /
Remainder of title by Arsu
260 ## - PUBLICATION, DISTRIBUTION, ETC. (IMPRINT)
Place of publication, distribution, etc दिल्ली
Name of publisher, distributor, etc परेम्श्वरी प्रकाशन
Date of publication, distribution, etc 2004
270 ## - ADDRESS
City दिल्ली
Address बी-109, प्रीत विहार
Postal code 110032
300 ## - PHYSICAL DESCRIPTION
Extent 253पृ.
Dimensions 20सेमी(सजिल्द )
650 ## - SUBJECT ADDED ENTRY--TOPICAL TERM
Topical term or geographic name as entry element हिंदी साहित्य
General subdivision
Geographic subdivision
9 (RLIN) 45549
650 ## - SUBJECT ADDED ENTRY--TOPICAL TERM
Form subdivision
Topical term or geographic name as entry element हिंदी पत्र
9 (RLIN) 45550
650 ## - SUBJECT ADDED ENTRY--TOPICAL TERM
Topical term or geographic name as entry element Hindi litarature
9 (RLIN) 45551
650 ## - SUBJECT ADDED ENTRY--TOPICAL TERM
Topical term or geographic name as entry element Hindi patr
9 (RLIN) 45552
942 ## - ADDED ENTRY ELEMENTS (KOHA)
Source of classification or shelving scheme Dewey Decimal Classification
Koha item type Hindi Books
Classification part 820.8
Call number suffix आरसु
Holdings
Withdrawn status Lost status Damaged status Not for loan Home library Current library Date acquired Source of acquisition Cost, normal purchase price Total Checkouts Full call number Barcode Date last seen Date checked out Copy number Cost, replacement price Price effective from Koha item type Source of classification or shelving scheme Collection code Shelving location
        Central Library Central Library 06/08/2015 Cen Lib/Ret 300.00 2 820.8 आरसु B-149434 23/12/2019 31/10/2019 1 300.00 06/08/2015 Hindi Books      
      Ordered Sarojini Nagar Sarojini Nagar 27/02/2017 DPL 300.00   820.8 आरसु B-149436 27/02/2017   1 300.00 27/02/2017 Hindi Books Dewey Decimal Classification Non-fiction On Display
        Shahdara Branch Shahdara Branch 03/04/2019 BPPD/PUB 300.00   820.8 आरसु B-149438 03/04/2019     300.00 03/04/2019 Hindi Books Dewey Decimal Classification Non-fiction  

© Delhi Public Library
Hit Counter
free hit counter